| 000 | 00738cam a22002297a 4500 | ||
|---|---|---|---|
| 001 | 002271 | ||
| 003 | armpunfd | ||
| 005 | 20140612090703.0 | ||
| 008 | 100514e0####xx#a##########000#0#und#d | ||
| 040 |
_aarmpunfd _carmpunfd |
||
| 080 | _a343.1 (094.4) CH 95 | ||
| 100 | 1 | 0 | _a Chiara Diaz Carlos A |
| 245 | 1 | 0 | _aCodigo procesal penal de la nacion concordado con el de la provincia de buenso aires |
| 260 |
_a Uenos Aires : Rubinzal Culzoni _b2001. Isbn: 950-727-320-4. 373 P. |
||
| 650 | 7 |
_a Codigo Procesal Penal De La Nacion _2LEMB |
|
| 650 | 7 |
_a Jurisprudencia _2LEMB |
|
| 650 | 7 |
_a Legislacion _2LEMB |
|
| 700 | 1 | 0 | _aMeana Jose Maria |
| 942 |
_cLB _2cdu |
||
| 945 |
_aCatalis _d2010-08-19 |
||
| 945 |
_aCatalis _d2010-08-19 |
||
| 999 |
_c2261 _d232765 |
||